000 00837cam a2200301 4500
008 090401t1992 xxu||||| |||| 00| 0 eng d
020 _a085406513X
035 _a(Sirsi) u54461
041 _aeng
050 _a614.83
090 _aRICS 1992/4ABCD
100 _aAllan, Stuart T.
245 _aCOSHH: an outline of The Control of Substances Hazardous to Health Regulations and their application to the Rural Practice surveying profession
260 _aLondon
_bRICS
_c1992
300 _a29p ; 30cm
350 _a0.07
650 _aESTATE MANAGEMENT
650 _aFARMS
650 _aFORESTRY
650 _aGUIDANCE NOTES
650 _aHAZARDOUS SUBSTANCES
650 _aRICS
650 _aSAFETY
690 _aOFFICE SERVICES AND ADMINISTRATION
690 _aRURAL PRACTICE
942 _n0
948 _c04/03/1997
999 _c93475
_d93475